Most Visited U.S. Cities by British Citizens - Statistics

General Stats
  • This quiz has been taken 38 times
  • The average score is 10 of 12
Answer Stats
Visitors % Answer % Correct
8.01 Los Angeles
100%
29.68 New York
100%
18.35 Orlando
100%
10.62 Las Vegas
97%
6.33 Miami
97%
2.98 Chicago
90%
6.74 San Francisco
90%
4.54 Boston
87%
4.13 Washington, D.C.
84%
3.27 San Diego
71%
2.47 New Orleans
61%
2.47 Tampa
61%
No matching quizzes found
Score Distribution
Percent of People with Each Score
Percentile by Number Answered
Your Score History
You have not taken this quiz